000 00211nam a22001097a 4500
100 _aUpadhay
245 _amathematics class IX
250 _a2015
260 _bS.K. kataria
300 _a496
942 _2ddc
_cBK
999 _c12972
_d12972